Indice de cumplimiento de normas que promueven transparencia en la gestión pública (ITEP_2010) (Record no. 9492)

MARC details
000 -LEADER
campo de control de longitud fija 00403nam a2200133Ia 4500
001 - NÚMERO DE CONTROL
campo de control 1460
008 - DATOS DE LONGITUD FIJA--INFORMACIÓN GENERAL
campo de control de longitud fija 241024s9999 xx 000 0 und d
082 ## - NÚMERO DE LA CLASIFICACIÓN DECIMAL DEWEY
Número de clasificación RD/350/p273i/ITEP-2010
100 ## - ENTRADA PRINCIPAL--NOMBRE DE PERSONA
Nombre de persona Participación Ciudadana
245 #0 - MENCIÓN DEL TÍTULO
Título Indice de cumplimiento de normas que promueven transparencia en la gestión pública (ITEP_2010)
260 ## - PUBLICACIÓN, DISTRIBUCIÓN, ETC.
Nombre del editor, distribuidor, etc. USAID
Fecha de publicación, distribución, etc. 2010
901 ## - ELEMENTOS DE DATOS A LOCAL LDA (RLIN)
a 5/5/2011 3:50:32 p.m.

No items available.

© 2024. Todos los Derechos Reservados. Desarrollado por IDEICE